| 000 | 01032nam a22001937a 4500 | ||
|---|---|---|---|
| 999 |
_c62574 _d62574 |
||
| 005 | 20241209171153.0 | ||
| 008 | 241209s2015 enk||||| |||| 00| 0 eng d | ||
| 020 | _a9781892005281x | ||
| 080 | _a316.77 R-79 | ||
| 100 |
_aRosenberg, Marshall B. _923930 |
||
| 245 |
_aNonviolent Communication: _bA Language of Life / _cMarshall B. Rosenberg, Deepak Chopra. |
||
| 264 |
_aEncinitas : _b Puddle Dancer Press, _c2015. |
||
| 300 |
_a244 p. ; _b23 cm. |
||
| 653 | _aარაძალადობრივი კომუნიკაცია | ||
| 653 | _aცხოვრების შეცვლის ინსტრუმენტები ჯანსაღი ურთიერთობებისთვის | ||
| 653 | _aცხოვრების შეცვლის ინსტრუმენტები ჯანსაღი ურთიერთობებისთვის | ||
| 700 |
_aDeepak, Chopra. _eწინასიტყვაობის ავტორი _923931 |
||
| 942 |
_2udc _cᲬᲘᲒᲜᲘ |
||